| 000 | 00448nam a22001817a 4500 | ||
|---|---|---|---|
| 003 | OSt | ||
| 005 | 20241126110331.0 | ||
| 008 | 160526b xxu||||| |||| 00| 0 eng d | ||
| 020 | _a8174750053 | ||
| 040 | _cGBC | ||
| 082 |
_a266 _bDOI |
||
| 100 | _4Sumithra, Sunand & Hrangkhuma, F (Ed) | ||
| 245 | _aDoing Mission In Context | ||
| 260 |
_aBangalore: _bTheological Book Trust, _c1995 |
||
| 300 | _a148p. | ||
| 653 | _aMission | ||
| 942 |
_2ddc _cBK _038 |
||
| 999 |
_c138 _d138 |
||